Normal view
MARC view
Entry Personal Name
001 - CONTROL NUMBER
- control field: 17225
003 - CONTROL NUMBER IDENTIFIER
- control field: OSt
005 - DATE AND TIME OF LATEST TRANSACTION
- control field: 20240614122428.0
008 - FIXED-LENGTH DATA ELEMENTS
- fixed length control field: 240614|| aca||aabn | a|a d
040 ## - CATALOGING SOURCE
- Original cataloging agency: OSt
- Transcribing agency: OSt
100 ## - HEADING--PERSONAL NAME
- Personal name: Martin Anthony...(et al)
670 ## - SOURCE DATA FOUND
- Source citation: Work cat.: (OSt)8476: Martin Anthony...(et al), Mathematics for Economics and Finance/, 2000.
